[Event "IX Festival A"]
[Site "Salsomaggiore Terme ITA"]
[Date "2005.05.20"]
[Round "1"]
[White "Scalcione, Michelangelo"]
[Black "Roberti, Ignazio"]
[Result "1-0"]
[WhiteElo "2242"]
[BlackElo "1954"]
[PlyCount "103"]
[EventDate "2005.05.20"]

1. Nf3 Nf6 2. c4 e6 3. Nc3 d5 4. d4 Bb4 5. Qa4+ Nc6 6. Ne5 Ne4 7. Nxc6 Bxc3+ 8.
bxc3 Qd7 9. f3 Nf6 10. cxd5 exd5 11. Qb4 bxc6 12. Ba3 Ba6 13. g3 Qe6 14. O-O-O
Bxe2 15. Bxe2 Kd7 16. Ba6 Qe3+ 17. Kc2 Rab8 18. Qc5 Rhe8 19. Bd3 Qxf3 20. Rhf1
Re2+ 21. Bxe2 Qxe2+ 22. Kc1 Qe3+ 23. Rd2 Rb5 24. Qe7+ Qxe7 25. Bxe7 Kxe7 26.
Rdf2 c5 27. g4 h6 28. h4 cxd4 29. cxd4 Rb4 30. g5 Rc4+ 31. Kb2 hxg5 32. hxg5
Ne8 33. Rxf7+ Ke6 34. Rf8 Nd6 35. Rg8 Nf5 36. Re8+ Kd7 37. Rf8 g6 38. Rf6 Ne7
39. R1f4 a5 40. Rf7 Ke8 41. Rg7 c5 42. Rf6 Rxd4 43. Re6 Rb4+ 44. Kc2 Rb7 45.
Rgxg6 d4 46. Kd3 Rd7 47. Rgf6 Rd8 48. g6 Kd7 49. Rd6+ Ke8 50. Rxd8+ Kxd8 51. g7
Kd7 52. Rf7 1-0

[Event "IX Festival A"]
[Site "Salsomaggiore Terme ITA"]
[Date "2005.05.20"]
[Round "1"]
[White "Sciortino, Massimo"]
[Black "Santurbano, Maria Vincenza"]
[Result "1-0"]
[WhiteElo "2306"]
[BlackElo "2043"]
[PlyCount "121"]
[EventDate "2005.05.20"]

1. e4 c5 2. c3 d5 3. exd5 Qxd5 4. d4 Nf6 5. Nf3 cxd4 6. cxd4 e6 7. Nc3 Qa5 8.
Bd2 Bb4 9. a3 Bxc3 10. Bxc3 Qd5 11. Bd3 O-O 12. O-O b6 13. Re1 Nbd7 14. Rc1 Bb7
15. Qe2 Qh5 16. Bb4 Rfc8 17. Rcd1 Nd5 18. Bd2 Qg4 19. h3 Qh5 20. Qf1 N5f6 21.
Ne5 Qh4 22. Nc4 Ba6 23. Bc3 Nd5 24. Re4 Qe7 25. Bd2 Rc7 26. Nxb6 Bxd3 27. Nxd5
Qd6 28. Qxd3 Qxd5 29. Bc3 Nf6 30. Re5 Qc4 31. Qxc4 Rxc4 32. Rc5 Rc8 33. Rxc4
Rxc4 34. Kf1 Nd5 35. Rd3 Kf8 36. Bd2 Rc2 37. b4 Nc7 38. Rc3 Rxc3 39. Bxc3 Nb5
40. Bb2 Ke7 41. Ke2 Kd6 42. a4 Nc7 43. Ba3 Nd5 44. b5+ Kc7 45. Kd2 a6 46. bxa6
Kb6 47. a7 Kxa7 48. g3 Ka6 49. Kc2 Ka5 50. Kb3 Nf6 51. Bb4+ Ka6 52. Kc4 Ne4 53.
Be1 Kb6 54. d5 e5 55. a5+ Ka6 56. f3 Nf6 57. Kc5 Kb7 58. Kd6 e4 59. fxe4 Nxe4+
60. Ke7 f5 61. d6 1-0

[Event "IX Festival A"]
[Site "Salsomaggiore Terme ITA"]
[Date "2005.05.20"]
[Round "1"]
[White "Tencati, Giuseppe"]
[Black "Grillo, Francesco"]
[Result "0-1"]
[WhiteElo "2093"]
[BlackElo "1715"]
[PlyCount "58"]
[EventDate "2005.05.20"]

1. d4 d5 2. c4 c6 3. Nf3 Nf6 4. Nc3 e6 5. Bg5 h6 6. Bxf6 Qxf6 7. e3 Nd7 8. Rc1
Bb4 9. Qb3 Qe7 10. Bd3 dxc4 11. Bxc4 Nb6 12. Bd3 Nd5 13. O-O O-O 14. Ne4 Rb8
15. a3 Bd6 16. Bb1 Bd7 17. Qd3 g6 18. Ne5 Bxe5 19. dxe5 b6 20. b4 a5 21. bxa5
bxa5 22. f4 Rb2 23. Nd6 Rfb8 24. Bc2 c5 25. e4 Nc7 26. Qc3 a4 27. Rfd1 Qh4 28.
Nc4 R8b3 29. Bxb3 Qf2+ 0-1

[Event "IX Festival A"]
[Site "Salsomaggiore Terme ITA"]
[Date "2005.05.20"]
[Round "2"]
[White "Aldrovandi, Costantino"]
[Black "Del Giudice, Stefano"]
[Result "1-0"]
[WhiteElo "2246"]
[BlackElo "2077"]
[PlyCount "43"]
[EventDate "2005.05.20"]

1. Nf3 g6 2. g3 Bg7 3. Bg2 Nf6 4. O-O O-O 5. c4 d6 6. Nc3 e5 7. d3 c6 8. Rb1
Ne8 9. b4 f5 10. Bd2 Nd7 11. Ng5 Ndf6 12. b5 h6 13. bxc6 Rb8 14. cxb7 Bd7 15.
Nf3 Bc6 16. c5 Rxb7 17. Rxb7 Bxb7 18. Qb3+ d5 19. Qxb7 e4 20. Ne5 d4 21. Nb5
Nd5 22. dxe4 1-0

[Event "IX Festival A"]
[Site "Salsomaggiore Terme ITA"]
[Date "2005.05.20"]
[Round "2"]
[White "Astengo, Marcello"]
[Black "Mrdja, Milan"]
[Result "0-1"]
[WhiteElo "2120"]
[BlackElo "2373"]
[PlyCount "44"]
[EventDate "2005.05.20"]

1. d4 c5 2. d5 g6 3. c4 Bg7 4. Nc3 Bxc3+ 5. bxc3 f5 6. h4 Qa5 7. e4 d6 8. h5
Qxc3+ 9. Bd2 Qg7 10. Bd3 fxe4 11. Bxe4 Nf6 12. h6 Qf7 13. Bf3 O-O 14. Nh3 Bxh3
15. Rxh3 Nbd7 16. Bc3 e6 17. dxe6 Qxe6+ 18. Be2 Ng4 19. Qc2 Rxf2 20. Rd1 Re8
21. Rd2 Qf7 22. Rh1 Rxg2 0-1

[Event "IX Festival A"]
[Site "Salsomaggiore Terme ITA"]
[Date "2005.05.20"]
[Round "2"]
[White "Barletta, Mauro"]
[Black "Capurro, Giuliano"]
[Result "0-1"]
[WhiteElo "2252"]
[BlackElo "2088"]
[PlyCount "44"]
[EventDate "2005.05.20"]

1. f4 d5 2. Nf3 Nf6 3. e3 e6 4. d4 c5 5. c3 Bd6 6. Bd3 Nc6 7. O-O Qc7 8. Ne5 g6
9. Nd2 O-O 10. Qe1 Be7 11. Rf3 Ne8 12. Rh3 Nxe5 13. fxe5 f5 14. Nf3 Rf7 15. Qg3
Rg7 16. Ng5 Bxg5 17. Qxg5 c4 18. Bc2 Qe7 19. Qh6 g5 20. Bd2 Rg6 21. Qh5 g4 22.
Rg3 Ng7 0-1

[Event "IX Festival A"]
[Site "Salsomaggiore Terme ITA"]
[Date "2005.05.20"]
[Round "2"]
[White "Bocci, Alessandro"]
[Black "Tomelleri, Alessio"]
[Result "1/2-1/2"]
[WhiteElo "1793"]
[BlackElo "2047"]
[PlyCount "72"]
[EventDate "2005.05.20"]

1. d4 d6 2. Nf3 g6 3. c4 Bg7 4. Nc3 Nd7 5. e4 e5 6. d5 Ne7 7. Be2 O-O 8. Qc2 f5
9. h4 Nf6 10. Bg5 Nh5 11. O-O-O f4 12. Bxe7 Qxe7 13. Qd3 Bf6 14. Rh2 Bg4 15.
Rdh1 h6 16. Nd2 Bxe2 17. Qxe2 Bg7 18. Qg4 Qf7 19. Rg1 Rae8 20. Qe2 Kh7 21. Nf3
Qd7 22. Rhh1 Bf6 23. Qc2 Bd8 24. Qa4 Qxa4 25. Nxa4 Nf6 26. Re1 c6 27. dxc6 bxc6
28. Re2 Bc7 29. Rd1 Rd8 30. Kc2 Rfe8 31. a3 d5 32. cxd5 cxd5 33. exd5 e4 34.
Ne1 Nxd5 35. Nc3 Nf6 36. Rxd8 Bxd8 1/2-1/2

[Event "IX Festival A"]
[Site "Salsomaggiore Terme ITA"]
[Date "2005.05.20"]
[Round "2"]
[White "Bonade', Giacomo"]
[Black "Cedriano, Filippo"]
[Result "0-1"]
[WhiteElo "1778"]
[BlackElo "2043"]
[PlyCount "144"]
[EventDate "2005.05.20"]

1. e4 g6 2. f4 Bg7 3. d4 d6 4. Nf3 c5 5. dxc5 Qa5+ 6. c3 Qxc5 7. Qb3 Nf6 8.
Bb5+ Bd7 9. Bxd7+ Nbxd7 10. Qc2 Qc6 11. Nbd2 Nc5 12. Nd4 Qa6 13. c4 Nfxe4 14.
Nb5 Qc6 15. O-O O-O 16. Nf3 Nf6 17. Re1 Rfe8 18. Nfd4 Qb6 19. a4 Ne6 20. Be3
Ng4 21. Nxe6 Nxe3 22. Qf2 fxe6 23. Qxe3 Qxe3+ 24. Rxe3 a6 25. Nc7 Bd4 26. Rae1
Rec8 27. Nxa8 Rxa8 28. Kf1 Bxe3 29. Rxe3 Kf7 30. Ke2 Rc8 31. Kd3 a5 32. Kd4 Kf6
33. Rb3 e5+ 34. fxe5+ dxe5+ 35. Kd3 e4+ 36. Kd4 e5+ 37. Kd5 Rd8+ 38. Kxe4 Rd4+
39. Ke3 Rxc4 40. Rxb7 Rxa4 41. Rxh7 Rb4 42. Ra7 Rxb2 43. Kf3 Rb3+ 44. Kg4 Rb4+
45. Kf3 a4 46. Ra6+ Kf5 47. Ra5 Rb3+ 48. Ke2 a3 49. Ra4 Rb2+ 50. Kf3 e4+ 51.
Ke3 Rb3+ 52. Ke2 Rb2+ 53. Ke3 a2 54. Ra5+ Kg4 55. h3+ Kg3 56. Rg5+ Kh2 57. Ra5
Rxg2 58. h4 Kh3 59. h5 a1=Q 60. Rxa1 gxh5 61. Rh1+ Rh2 62. Rg1 h4 63. Kf4 Rf2+
64. Ke3 Rg2 65. Rh1+ Kg3 66. Kxe4 h3 67. Ra1 Rf2 68. Ra3+ Kg2 69. Ra8 h2 70.
Rg8+ Kf1 71. Rh8 Kg1 72. Ke3 Rg2 0-1

[Event "IX Festival A"]
[Site "Salsomaggiore Terme ITA"]
[Date "2005.05.20"]
[Round "2"]
[White "Bonugli, Carlo"]
[Black "Braga, Gian Carlo"]
[Result "1-0"]
[WhiteElo "2030"]
[BlackElo "1515"]
[PlyCount "89"]
[EventDate "2005.05.20"]

1. e4 e5 2. Nc3 Be7 3. Nf3 d6 4. d4 exd4 5. Nxd4 Nf6 6. Be2 O-O 7. Be3 Nbd7 8.
O-O Re8 9. Nf5 Bf8 10. Ng3 Ne5 11. h3 Be6 12. f4 Nc6 13. Bd3 Nb4 14. f5 Nxd3
15. Qxd3 Bd7 16. Bg5 h6 17. Bf4 Bc6 18. Rad1 Qd7 19. Rfe1 Rad8 20. Kh2 a6 21.
Nd5 Nh7 22. f6 Bxd5 23. fxg7 Bxg7 24. Qxd5 b6 25. e5 Qa4 26. Re4 Qxc2 27. Rc1
c6 28. Qxc6 Qxc6 29. Rxc6 d5 30. Re2 Re6 31. Rec2 Nf8 32. Nf5 Ng6 33. Nxg7 Kxg7
34. Bg3 h5 35. Rxe6 fxe6 36. Rc6 h4 37. Bf2 Nf4 38. Bxh4 Rd7 39. Rxb6 Rc7 40.
Bg3 Ne2 41. Rxe6 Nxg3 42. Kxg3 Rd7 43. Rd6 Rxd6 44. exd6 Kf6 45. Kf4 1-0

[Event "IX Festival A"]
[Site "Salsomaggiore Terme ITA"]
[Date "2005.05.20"]
[Round "2"]
[White "Capata, Ion"]
[Black "Sciortino, Massimo"]
[Result "1/2-1/2"]
[WhiteElo "2096"]
[BlackElo "2306"]
[PlyCount "116"]
[EventDate "2005.05.20"]

1. e4 e5 2. Nf3 Nc6 3. Bc4 Nf6 4. d3 Bc5 5. c3 a6 6. b4 Ba7 7. O-O d6 8. h3 Be6
9. Qb3 Qe7 10. a4 b5 11. Bd5 Kd7 12. Na3 Nd8 13. axb5 axb5 14. Be3 Bxe3 15.
fxe3 Rb8 16. c4 c6 17. Bxe6+ Nxe6 18. cxb5 cxb5 19. Rfc1 Rhc8 20. Rxc8 Kxc8 21.
Nc2 Qb7 22. Ra5 Ne8 23. Na3 N8c7 24. Qc2 Kd7 25. d4 f6 26. Qd3 Ke7 27. Nb1 Ra8
28. Rxa8 Nxa8 29. Nc3 Nec7 30. Nd2 Nb6 31. dxe5 fxe5 32. Nxb5 Nc8 33. Nxc7 Qxc7
34. Nc4 Qb7 35. Qd5 Qxb4 36. Qg8 Kd7 37. Qxg7+ Ne7 38. Qg4+ Kc7 39. Qe2 Qb1+
40. Qf1 Qxe4 41. Qf7 Qb1+ 42. Kh2 Kd7 43. Qf6 Qb4 44. Qf1 Ke6 45. Qd3 d5 46.
Nd2 e4 47. Qa6+ Qd6+ 48. Qxd6+ Kxd6 49. g4 Ke5 50. Kg3 Nc6 51. Nb3 Nb4 52. Nd4
Nd3 53. h4 Nc5 54. Nc6+ Kd6 55. Nd4 Nd7 56. g5 Ke5 57. Kg4 Nf8 58. Kh5 Ng6
1/2-1/2

[Event "IX Festival A"]
[Site "Salsomaggiore Terme ITA"]
[Date "2005.05.20"]
[Round "2"]
[White "Carzolio, Luigi"]
[Black "Gerundino, Nicola"]
[Result "1-0"]
[WhiteElo "2048"]
[BlackElo "1793"]
[PlyCount "87"]
[EventDate "2005.05.20"]

1. b4 e5 2. a3 d5 3. Bb2 Bd6 4. Nf3 Qe7 5. c4 dxc4 6. e3 Nf6 7. Bxc4 O-O 8. Nc3
Nbd7 9. Nb5 Nb6 10. Be2 Bd7 11. Nxd6 cxd6 12. a4 a6 13. O-O Rfc8 14. d3 Qe8 15.
a5 Nbd5 16. Qd2 Bb5 17. Rfc1 Rxc1+ 18. Rxc1 Rc8 19. Rxc8 Qxc8 20. g3 Nd7 21. e4
Ne7 22. d4 Bxe2 23. Qxe2 Qc7 24. Kg2 Kf8 25. Qd3 f6 26. dxe5 dxe5 27. b5 axb5
28. Qxb5 Qc6 29. Qb4 Ke8 30. Ba3 Nc8 31. Qb3 Ne7 32. Qb4 Nc8 33. Nd2 Kf7 34.
Qb3+ Kg6 35. Qb4 Nb8 36. h4 h6 37. Qf8 Kh7 38. h5 Qd7 39. Nf3 Nc6 40. Nh4 Qd8
41. Qf7 N6e7 42. Ng6 Qg8 43. Nf8+ Kh8 44. Qe8 1-0

[Event "IX Festival A"]
[Site "Salsomaggiore Terme ITA"]
[Date "2005.05.20"]
[Round "2"]
[White "Cenci, Federico"]
[Black "Pircher, Karl"]
[Result "1-0"]
[WhiteElo "1712"]
[BlackElo "2037"]
[PlyCount "64"]
[EventDate "2005.05.20"]

1. e4 e6 2. d4 d5 3. Nc3 Nf6 4. Bg5 Be7 5. e5 Nfd7 6. Bxe7 Qxe7 7. f4 O-O 8.
Nf3 c5 9. Bd3 f6 10. exf6 Qxf6 11. g3 cxd4 12. Nxd4 Kh8 13. Nf3 Nc6 14. Qe2 Nc5
15. O-O-O Bd7 16. Ng5 Nxd3+ 17. Qxd3 g6 18. a3 b5 19. h4 b4 20. axb4 Nxb4 21.
Qf3 Rac8 22. h5 Qxg5 23. fxg5 Rxf3 24. hxg6 Kg7 25. Rxh7+ Kxg6 26. Rxd7 Rxg3
27. Rxa7 Rxg5 28. Rb7 Rc4 29. b3 Rh4 30. Rb6 Kf6 31. Ne2 Rh3 32. Rxb4 Rg2 1-0

[Event "IX Festival A"]
[Site "Salsomaggiore Terme ITA"]
[Date "2005.05.20"]
[Round "2"]
[White "Di Paolo, Raffaele"]
[Black "Foglia, Maurizio"]
[Result "1/2-1/2"]
[WhiteElo "2284"]
[BlackElo "2089"]
[PlyCount "42"]
[EventDate "2005.05.20"]

1. e4 Nf6 2. e5 Nd5 3. d4 d6 4. Nf3 dxe5 5. Nxe5 g6 6. Bc4 c6 7. O-O Bg7 8. Qe2
O-O 9. Bb3 Be6 10. c3 Nd7 11. Nd3 Nc7 12. Bg5 Bxb3 13. axb3 Ne6 14. Bh4 Bf6 15.
Bxf6 Nxf6 16. Nd2 Qd5 17. b4 a5 18. bxa5 Rxa5 19. b4 Raa8 20. Rfe1 Rfd8 21. Qe3
Qf5 1/2-1/2

[Event "IX Festival A"]
[Site "Salsomaggiore Terme ITA"]
[Date "2005.05.20"]
[Round "2"]
[White "Garofalo, Sergio"]
[Black "Tencati, Giuseppe"]
[Result "0-1"]
[WhiteElo "1903"]
[BlackElo "2093"]
[PlyCount "100"]
[EventDate "2005.05.20"]

1. d4 d5 2. Nf3 c6 3. b3 Bf5 4. Nh4 Bg6 5. a4 e6 6. Nxg6 hxg6 7. Ba3 Bxa3 8.
Nxa3 Nf6 9. f3 Qd6 10. g3 Nbd7 11. c3 e5 12. Nc2 e4 13. Qd2 O-O-O 14. O-O-O
Rde8 15. Bg2 Re7 16. e3 exf3 17. Bxf3 Ne4 18. Qe1 f5 19. Kb2 g5 20. c4 Ndf6 21.
c5 Qc7 22. Nb4 g4 23. Bg2 g6 24. Nd3 Reh7 25. Qg1 Rh6 26. Rc1 Qh7 27. Ne5 Kc7
28. Qe1 Rxh2 29. Rxh2 Qxh2 30. Rc2 Qxg3 31. Qa5+ Kb8 32. Nxg6 Re8 33. Ne7 Qxe3
34. Nxf5 Qd3 35. Nd6 Qxd4+ 36. Ka2 Nxd6 37. cxd6 Qb6 38. Qc3 Nd7 39. Qg7 Rd8
40. Qxg4 Nc5 41. Qg3 Na6 42. Re2 Nb4+ 43. Kb1 a5 44. Bh3 c5 45. d7+ Qc7 46. Qg5
Ka7 47. Re8 Rxd7 48. Bxd7 Qxd7 49. Re7 Qh3 50. Re3 Qf1+ 0-1

[Event "IX Festival A"]
[Site "Salsomaggiore Terme ITA"]
[Date "2005.05.20"]
[Round "2"]
[White "Garvani, Vittorio"]
[Black "Annoni, Riccardo"]
[Result "1/2-1/2"]
[WhiteElo "1864"]
[BlackElo "2071"]
[PlyCount "122"]
[EventDate "2005.05.20"]

1. e4 c5 2. c3 Nf6 3. e5 Nd5 4. d4 e6 5. Bc4 Nb6 6. Bb3 cxd4 7. cxd4 d5 8. Nf3
Nc6 9. O-O Be7 10. Nc3 O-O 11. Be3 Bd7 12. g3 Na5 13. Bc2 Nbc4 14. Rb1 Nxe3 15.
fxe3 Rc8 16. Bd3 Nc4 17. Qe2 b5 18. b3 Na3 19. Rbc1 Qa5 20. Nb1 b4 21. Nxa3
Qxa3 22. Rxc8 Rxc8 23. Nh4 Bxh4 24. Bxh7+ Kf8 25. Qh5 Be8 26. Bg6 Rc1 27. Qh8+
Ke7 28. Qxh4+ Kd7 29. Bd3 Rxf1+ 30. Bxf1 a6 31. Qh8 Qxa2 32. Qf8 Kd8 33. Qd6+
Bd7 34. Qxb4 Qb1 35. Qb6+ Ke8 36. Qxa6 Qxb3 37. Qd3 Qb2 38. Be2 Qc1+ 39. Kg2
Qb2 40. g4 Kf8 41. Kg3 Kg8 42. h4 Qc1 43. Bf1 Ba4 44. Qe2 Bb3 45. Bg2 Bc4 46.
Qf2 Bd3 47. h5 Qb1 48. g5 Qb8 49. h6 Qf8 50. hxg7 Qxg7 51. Qf6 Kh7 52. Kf4 Qg6
53. Qxg6+ Kxg6 54. Bf3 Bf5 55. Be2 Bc2 56. Kg4 Bb1 57. Kh4 Bc2 58. Bh5+ Kg7 59.
Kg3 Be4 60. Kf2 Bb1 61. Ke2 Bg6 1/2-1/2

[Event "IX Festival A"]
[Site "Salsomaggiore Terme ITA"]
[Date "2005.05.20"]
[Round "2"]
[White "Giannetta, Paolo"]
[Black "Calza, Gabriele"]
[Result "1/2-1/2"]
[WhiteElo "2045"]
[BlackElo "1790"]
[PlyCount "84"]
[EventDate "2005.05.20"]

1. d4 Nf6 2. c4 e6 3. g3 c5 4. d5 exd5 5. cxd5 d6 6. Nc3 g6 7. Bg2 Bg7 8. Nf3
h6 9. O-O O-O 10. Nd2 Re8 11. Nc4 a6 12. a4 Re7 13. Bf4 Ne8 14. e4 g5 15. Be3
Nd7 16. f4 f6 17. Qd2 Rb8 18. h4 b5 19. axb5 axb5 20. Na5 Bb7 21. hxg5 Qb6 22.
Nc6 Bxc6 23. dxc6 Nf8 24. Nd5 Qd8 25. Nxe7+ Qxe7 26. e5 dxe5 27. Qd5+ Kh8 28.
Bxc5 Qc7 29. Rfd1 exf4 30. gxh6 Bxh6 31. Qh5 Qg7 32. Ra7 Qg6 33. Qh3 Nh7 34. c7
Nxc7 35. Rxc7 Ng5 36. Rc8+ Rxc8 37. Qxc8+ Kh7 38. Qc7+ Bg7 39. Qxf4 Qc2 40. Rd5
Kg6 41. Bf2 Bh6 42. Qg4 Bg7 1/2-1/2

[Event "IX Festival A"]
[Site "Salsomaggiore Terme ITA"]
[Date "2005.05.20"]
[Round "2"]
[White "Gromovs, Sergejs"]
[Black "Dvirnyy, Danyyil"]
[Result "0-1"]
[WhiteElo "2362"]
[BlackElo "2120"]
[PlyCount "118"]
[EventDate "2005.05.20"]

1. d4 Nf6 2. Nf3 g6 3. c4 Bg7 4. Nc3 O-O 5. e4 d6 6. Be2 e5 7. O-O Nc6 8. d5
Ne7 9. b4 Nh5 10. Re1 f5 11. Ng5 Nf4 12. Bxf4 exf4 13. Rc1 h6 14. Ne6 Bxe6 15.
dxe6 c6 16. Qd2 Bxc3 17. Rxc3 fxe4 18. Rh3 Kh7 19. g4 d5 20. g5 h5 21. Bxh5
gxh5 22. Rxh5+ Kg6 23. Rh6+ Kxg5 24. Rh7 Kg6 25. Rh4 Kg5 26. Rh7 Kg6 27. Rh4
Ng8 28. Rg4+ Kh7 29. cxd5 cxd5 30. Kh1 Nh6 31. Rg2 Rf5 32. Qb2 Qf6 33. Qc2 Re8
34. Qc7+ Re7 35. Qc8 Qf8 36. Qc5 b6 37. Qc6 f3 38. Rg3 e3 39. fxe3 f2 40. Rf1
Qf6 41. Qc2 Qxe6 42. Rxf2 Qe4+ 43. Qxe4 Rxe4 44. Rc2 Re6 45. b5 Rg6 46. Rxg6
Kxg6 47. Kg2 Ng4 48. Rc3 Ne5 49. a4 Rf7 50. Rc8 Kf5 51. Kf2 Ke4+ 52. Ke2 Rh7
53. Re8 Rxh2+ 54. Kd1 Kd3 55. Kc1 Rh1+ 56. Kb2 Nc4+ 57. Ka2 Rh2+ 58. Ka1 Kc3
59. a5 Kb3 0-1

[Event "IX Festival A"]
[Site "Salsomaggiore Terme ITA"]
[Date "2005.05.20"]
[Round "2"]
[White "Jurkovic, Ante"]
[Black "Bonade', Massimo"]
[Result "1-0"]
[WhiteElo "2336"]
[BlackElo "2101"]
[PlyCount "69"]
[EventDate "2005.05.20"]

1. e4 c5 2. Nf3 d6 3. d4 cxd4 4. Nxd4 Nf6 5. Nc3 e6 6. Be3 e5 7. Nb3 Be6 8. f3
Nbd7 9. Qd2 Be7 10. O-O-O b5 11. g4 h6 12. h4 Nb6 13. Kb1 Nfd7 14. Qf2 Qc7 15.
Be2 Nc4 16. Bxc4 Bxc4 17. Nd5 Bxd5 18. Rxd5 Rb8 19. Nc1 Nb6 20. Bxb6 Qxb6 21.
Qd2 a5 22. Nd3 b4 23. b3 Rc8 24. Nb2 Rc5 25. Na4 Rxd5 26. Qxd5 Qa6 27. Nb2 Bd8
28. Nc4 Bc7 29. Rd1 O-O 30. g5 hxg5 31. hxg5 Qa8 32. Qd2 Rd8 33. Ne3 Bb6 34.
Nd5 Bd4 35. Qh2 1-0

[Event "IX Festival A"]
[Site "Salsomaggiore Terme ITA"]
[Date "2005.05.20"]
[Round "2"]
[White "Losi, Renzo"]
[Black "De Santis, Alessio"]
[Result "0-1"]
[WhiteElo "1901"]
[BlackElo "2248"]
[PlyCount "134"]
[EventDate "2005.05.20"]

1. e4 d6 2. d4 Nf6 3. Nc3 c6 4. Nf3 Bg4 5. Be2 e6 6. O-O d5 7. exd5 cxd5 8. Ne5
Bxe2 9. Qxe2 Nc6 10. Rd1 Be7 11. Qb5 Qc8 12. h3 O-O 13. Bf4 a6 14. Qe2 b5 15.
Rac1 Na5 16. Nb1 Nc4 17. c3 Nxe5 18. Bxe5 Nd7 19. Nd2 Nxe5 20. Qxe5 Qd8 21. Nf3
Bd6 22. Qh5 g6 23. Qh6 Qf6 24. Ng5 Qg7 25. Qh4 Be7 26. Qg3 Bxg5 27. Qxg5 Ra7
28. Re1 Rc7 29. a4 bxa4 30. Ra1 Rc4 31. Ra3 Rb8 32. Qd2 Qf8 33. Rea1 Qe8 34.
Qc2 Qb5 35. R1a2 Kg7 36. Rxa4 Rxa4 37. Qxa4 Qxa4 38. Rxa4 Rxb2 39. Rxa6 Rc2 40.
Rc6 h5 41. g3 Kf6 42. Kg2 Kf5 43. Kf3 Kg5 44. h4+ Kf5 45. Rc7 f6 46. Rc5 g5 47.
hxg5 fxg5 48. Rc8 h4 49. g4+ Kf6 50. Rc6 Rc1 51. Kg2 Re1 52. Rc8 Re4 53. Kh3
Re2 54. Kg2 Rd2 55. Rf8+ Kg7 56. Rf3 Re2 57. Kh3 Re4 58. Rd3 Rf4 59. f3 Kf6 60.
Re3 e5 61. dxe5+ Ke6 62. Kg2 Ra4 63. Kh3 Ra3 64. Rd3 Kxe5 65. Kg2 Ra2+ 66. Kh3
Rf2 67. Re3+ Kf4 0-1

[Event "IX Festival A"]
[Site "Salsomaggiore Terme ITA"]
[Date "2005.05.20"]
[Round "2"]
[White "Luciani, Valerio"]
[Black "Cottarelli, Franco"]
[Result "1-0"]
[WhiteElo "2241"]
[BlackElo "1930"]
[PlyCount "97"]
[EventDate "2005.05.20"]

1. d4 f5 2. g3 Nf6 3. c4 g6 4. Bg2 Bg7 5. Nc3 d6 6. Nf3 O-O 7. O-O Nc6 8. d5
Ne5 9. Nxe5 dxe5 10. Qb3 Kh8 11. c5 a6 12. Qc4 Qe8 13. b4 h6 14. Rb1 g5 15. a4
f4 16. b5 Bf5 17. Rb3 a5 18. b6 Rc8 19. bxc7 Rxc7 20. Nb5 Rc8 21. Na7 Rb8 22.
Bd2 Qh5 23. Bxa5 Bh3 24. Bxh3 Qxh3 25. gxf4 Qh4 26. Qd3 gxf4 27. Qh3 Qxh3 28.
Rxh3 Nxd5 29. Rb1 e4 30. Rhb3 Bd4 31. Nc6 Rg8+ 32. Kf1 Ra8 33. Nxd4 Rxa5 34.
Rxb7 Rxa4 35. Nf5 f3 36. exf3 exf3 37. Rb8 Rxb8 38. Rxb8+ Kh7 39. Rb1 Rg4 40.
Ne3 Rb4 41. Rxb4 Nxb4 42. Nc4 Nc6 43. Ke1 Kg6 44. Kd2 Kf5 45. Ke3 Kg4 46. Nd2
Ne5 47. Ke4 Nd7 48. c6 Nf6+ 49. Ke5 {...} 1-0

[Event "IX Festival A"]
[Site "Salsomaggiore Terme ITA"]
[Date "2005.05.20"]
[Round "2"]
[White "Martinez, Rolly"]
[Black "Giretti Kanev, Jasen"]
[Result "1-0"]
[WhiteElo "2414"]
[BlackElo "2166"]
[PlyCount "89"]
[EventDate "2005.05.20"]

1. e4 e6 2. d4 d5 3. Nc3 Nf6 4. e5 Nfd7 5. f4 c5 6. Nf3 a6 7. Be3 Qb6 8. Na4
Qa5+ 9. c3 cxd4 10. b4 Qc7 11. Bxd4 b5 12. Nb2 Nc6 13. a3 Bb7 14. Be2 Be7 15.
O-O O-O 16. Bd3 h6 17. Qe2 Rae8 18. Rac1 f6 19. Bg6 f5 20. Bxe8 Rxe8 21. h3 Nf8
22. g4 Nd8 23. Kh2 Ng6 24. Nd3 Rf8 25. Rg1 Nh8 26. Rg3 Bc8 27. Rcg1 fxg4 28.
Rxg4 Rf7 29. Qg2 Bf8 30. Bc5 Nb7 31. Bxf8 Kxf8 32. Nd4 g6 33. Qd2 h5 34. R4g3
Qe7 35. Nf3 Bd7 36. Qe3 Kg7 37. Qb6 Be8 38. Rg5 Qc7 39. Qd4 Kh7 40. Nh4 Rg7 41.
f5 exf5 42. Nf4 Nd8 43. Nxd5 Ne6 44. Nf6+ Kh6 45. Nxf5+ 1-0

[Event "IX Festival A"]
[Site "Salsomaggiore Terme ITA"]
[Date "2005.05.20"]
[Round "2"]
[White "Muraro, Alberto"]
[Black "Magrini, Fabrizio"]
[Result "1-0"]
[WhiteElo "2057"]
[BlackElo "1856"]
[PlyCount "61"]
[EventDate "2005.05.20"]

1. e4 c5 2. Nf3 Nc6 3. d4 cxd4 4. Nxd4 Nf6 5. Nc3 e5 6. Ndb5 d6 7. Bg5 a6 8.
Bxf6 gxf6 9. Na3 b5 10. Nd5 f5 11. g3 fxe4 12. Bg2 Bf5 13. O-O Bg7 14. c3 O-O
15. Qe2 Rc8 16. Bxe4 Bxe4 17. Qxe4 f5 18. Qe2 Ne7 19. Rad1 Nxd5 20. Rxd5 e4 21.
Rfd1 Rf6 22. Qh5 Qf8 23. Nc2 Re8 24. Ne3 Re5 25. Rxe5 dxe5 26. Rd7 f4 27. Nd5
Rh6 28. Qg5 Re6 29. Rd8 Re8 30. Rxe8 Qxe8 31. Nf6+ 1-0

[Event "IX Festival A"]
[Site "Salsomaggiore Terme ITA"]
[Date "2005.05.20"]
[Round "2"]
[White "Mussap, Angelo"]
[Black "Salvador, Roland"]
[Result "0-1"]
[WhiteElo "2115"]
[BlackElo "2360"]
[PlyCount "82"]
[EventDate "2005.05.20"]

1. d4 d5 2. Nf3 a6 3. g3 c5 4. Bg2 cxd4 5. Qxd4 Nc6 6. Qd1 e5 7. O-O Bc5 8. c3
h6 9. Nbd2 Nf6 10. Nb3 Ba7 11. h3 Ne4 12. e3 Be6 13. Nfd2 Nf6 14. Nf3 Qd7 15.
Kh2 g5 16. Ng1 O-O-O 17. Nd2 h5 18. Qe2 e4 19. f3 h4 20. g4 exf3 21. Ngxf3 Qd6+
22. Kg1 Bxg4 23. hxg4 h3 24. Nd4 hxg2 25. Qxg2 Ne5 26. Rf5 Nfxg4 27. N2f3 Nxf3+
28. Rxf3 Ne5 29. Rh3 Rxh3 30. Qxh3+ g4 31. Qg3 Rh8 32. Kg2 Rh3 33. Qf4 Rf3 34.
Nxf3 gxf3+ 35. Kh3 Qe6+ 36. Kh2 Bb8 37. Kh1 Qg6 38. Qh2 Ng4 39. Qh3 Qe4 40. Kg1
f2+ 41. Kf1 Qd3+ 0-1

[Event "IX Festival A"]
[Site "Salsomaggiore Terme ITA"]
[Date "2005.05.20"]
[Round "2"]
[White "Musto, Marco"]
[Black "Brigati, Alessandro"]
[Result "0-1"]
[WhiteElo "1491"]
[BlackElo "1957"]
[PlyCount "36"]
[EventDate "2005.05.20"]

1. d4 Nf6 2. c4 g6 3. Nc3 Bg7 4. e4 d6 5. Be2 O-O 6. Nf3 e5 7. O-O Nc6 8. d5
Ne7 9. Ne1 Ne8 10. f3 f5 11. Be3 f4 12. Bf2 g5 13. b4 Ng6 14. Rc1 Rf7 15. Nd3
Bf8 16. Qb3 h5 17. Rc2 g4 18. fxg4 hxg4 0-1

[Event "IX Festival A"]
[Site "Salsomaggiore Terme ITA"]
[Date "2005.05.20"]
[Round "2"]
[White "Panizzi, Giuseppe"]
[Black "Efimov, Igor"]
[Result "0-1"]
[WhiteElo "2130"]
[BlackElo "2458"]
[PlyCount "50"]
[EventDate "2005.05.20"]

1. c4 Nf6 2. Nc3 e5 3. g3 Bb4 4. Bg2 O-O 5. a3 Bxc3 6. dxc3 d6 7. Nf3 h6 8. O-O
Nc6 9. b4 e4 10. Nd4 Ne5 11. Qb3 c5 12. bxc5 dxc5 13. Nc2 Be6 14. Ne3 Qb6 15.
Qxb6 axb6 16. Nd5 Nxd5 17. cxd5 Bxd5 18. Rb1 Nc4 19. Rd1 Bc6 20. e3 Rfd8 21.
Rxd8+ Rxd8 22. Kf1 Rd1+ 23. Ke2 Rg1 24. Bf1 Ba4 25. f4 Bc2 0-1

[Event "IX Festival A"]
[Site "Salsomaggiore Terme ITA"]
[Date "2005.05.20"]
[Round "2"]
[White "Prati, Alessandro"]
[Black "Barlocco, Carlo"]
[Result "0-1"]
[WhiteElo "1808"]
[BlackElo "2195"]
[PlyCount "82"]
[EventDate "2005.05.20"]

1. d4 b6 2. Nf3 Bb7 3. e3 e6 4. Bd3 c5 5. b3 Nf6 6. Bb2 Be7 7. O-O O-O 8. c4 d6
9. Nc3 Nbd7 10. Qe2 Re8 11. Rfd1 Qc7 12. Rac1 Rad8 13. h3 Qb8 14. Ba1 Qa8 15.
Ne1 Ne4 16. Nxe4 Bxe4 17. Bxe4 Qxe4 18. dxc5 bxc5 19. Qf3 Qxf3 20. Nxf3 Bf6 21.
Bxf6 Nxf6 22. Rd3 Kf8 23. Rcd1 Ke7 24. Kf1 h6 25. Ke2 Rd7 26. Kf1 a5 27. Ke2
Rb8 28. Ne1 d5 29. Nf3 Rc7 30. Ne5 a4 31. cxd5 exd5 32. f3 axb3 33. axb3 Ke6
34. f4 Ne4 35. Kf3 Rd8 36. Ng4 Ra7 37. Nf2 f5 38. g4 g6 39. gxf5+ gxf5 40. h4
Ra2 41. Nh3 Rg8 0-1